La fe en la ciudad secular. Laicidad y democracia

שמור ב:
מידע ביבליוגרפי
מחבר ראשי: Gamper, Daniel (autor y editor)
מחברים אחרים: Camps, Victoria (autora), Marramao, Giacomo (autor), Riba, Jordi (autor), Rius, Mercè (autora), Valcárcel, Amelia (autora), Farrés, Oriol (autor), Ferrara, Alessandro (autor), Puyol, Ángel (autor), Vergés, Joan (autor)
פורמט: ספר
שפה:אנגלית
יצא לאור: Madrid, España: Trotta, 2014
סדרה:Colección Estructuras y Procesos: Ciencias Sociales
נושאים:
תגים: הוספת תג
אין תגיות, היה/י הראשונ/ה לתייג את הרשומה!

MARC

LEADER 00000nam a22000007a 4500
003 CL-VaPUC
005 20220706085102.0
008 220420b2014 ||||| |||| 00| 0 eng d
999 |c 435455  |d 435453 
020 |a 978-84-9879-508-0 
040 |c Pontificia Universidad Católica de Valparaíso 
082 7 |a 261.7 GAM 2014  |2 22 
100 1 |a Gamper, Daniel  |e autor y editor  |9 868628 
245 |a La fe en la ciudad secular.  |b Laicidad y democracia 
260 |a Madrid, España:  |b Trotta,  |c 2014 
300 |a 214 páginas 
490 |a Colección Estructuras y Procesos:   |a Ciencias Sociales 
500 |a C1. Donación Padre Cristian Eichin. Correo en papel 28/03/2022 
583 |c 20220420  |k Catalogador Asistente 
650 |a Laicismo   |x Aspectos políticos   |9 869797 
650 |a Democracia   |x Aspectos religiosos  |9 869798 
650 |a Religión y estado  |9 481532 
700 |a Camps, Victoria  |9 295329  |e autora 
700 |a Marramao, Giacomo  |9 591404  |e autor 
700 |a Riba, Jordi  |9 603467  |e autor 
700 |a Rius, Mercè  |e autora  |9 868629 
700 |a Valcárcel, Amelia  |9 471865  |e autora 
700 |a Farrés, Oriol  |e autor  |9 868630 
700 |a Ferrara, Alessandro  |9 454698  |e autor 
700 |a Puyol, Ángel  |e autor  |9 868631 
700 |a Vergés, Joan  |e autor  |9 868632 
942 |2 ddc  |c BK 
952 |0 0  |1 0  |2 ddc  |4 0  |6 261_700000000000000_GAM_2014  |7 0  |8 A  |9 582713  |a BIBTEO  |b BIBTEO  |c GEN  |d 2022-04-20  |e Donación  |i 5650875  |o 261.7 GAM 2014  |p 5650875  |r 2025-01-17  |t 1  |w 2022-04-20  |y BK  |k ICR